000 00559nam a2200217Ia 4500
003 OSt
005 20220926042039.0
006 a|||||r|||| 00| 0
007 ta
008 220923b |||||||| |||| 00| 0 eng d
037 _cGeneral Book
040 _aRTL
_cRTL
_beng
041 _2eng
_aeng
082 _aY31:4:6.73.N4, H1
100 _aBrowning Grace
_9345781
245 0 _aRural public welfare
260 _c1941
650 _aRural Sociology
942 _hY31:4:6.73.N4, H1
_cGB
_2CC
999 _c668770
_d668770